Project appraisal and planning for developing countries / (Record no. 2860)
[ view plain ]
| 000 -LEADER | |
|---|---|
| fixed length control field | 00451cam a2200169ua 4500 |
| 041 ## - LANGUAGE CODE | |
| Language code of text/sound track or separate title | eng |
| 082 ## - DEWEY DECIMAL CLASSIFICATION NUMBER | |
| Classification number | 658.404 |
| Item number | LIT/PR |
| 100 ## - MAIN ENTRY--AUTHOR NAME | |
| Personal name | Little , I M D . |
| 245 ## - TITLE STATEMENT | |
| Title | Project appraisal and planning for developing countries / |
| 260 ## - PUBLICATION, DISTRIBUTION, ETC. (IMPRINT) | |
| Place of publication | New Delhi : |
| Name of publisher | Oxford & IBH Publishing company , |
| Year of publication | 1974. |
| 300 ## - PHYSICAL DESCRIPTION | |
| Number of Pages | 388 ; . |
| 942 ## - ADDED ENTRY ELEMENTS (KOHA) | |
| Koha item type | Books |
| Withdrawn status | Lost status | Damaged status | Home library | Current library | Date acquired | Full call number | Accession Number | Koha item type |
|---|---|---|---|---|---|---|---|---|
| KAUAET | KAUAET | 07/04/2012 | 658.404 LIT/PR | 14611 | Books |
